[Event "Quebec op"]
[Site "Montreal CAN"]
[Date "1992.08.06"]
[Round "6"]
[White "Ross, Dave"]
[Black "Abreu Cordero, Jose"]
[Result "1-0"]
[WhiteElo "2330"]
[BlackElo "1973"]
[PlyCount "63"]
[GameId "2160767912325985"]
[EventDate "1992.08.01"]
[EventType "swiss"]
[EventRounds "8"]
[EventCountry "CAN"]
[SourceTitle "EXT 2022"]
[Source "ChessBase"]
[SourceDate "2021.10.06"]
[SourceVersion "1"]
[SourceVersionDate "2021.10.06"]
[SourceQuality "1"]

1. d4 Nf6 2. Nf3 e6 3. c4 b6 4. g3 Bb7 5. Bg2 Bb4+ 6. Bd2 Be7 7. O-O O-O 8. Nc3 c5 9. d5 exd5 10. Nh4 Ne4 11. Nf5 Bf6 12. Nxd5 Bxd5 13. cxd5 Nxd2 14. Qxd2 d6 15. f4 g6 16. Nh6+ Kh8 17. Ng4 Bg7 18. f5 Nd7 19. Kh1 h5 20. Nf2 Qe7 21. Ne4 Rae8 22. Rae1 Kg8 23. b3 h4 24. Qf4 h3 25. Bf3 Ne5 26. f6 Qd8 27. Qh4 Nxf3 28. exf3 Rxe4 29. fxe4 Bh8 30. g4 Re8 31. Re3 Re5 32. Rxh3 1-0

[Event "Quebec op"]
[Site "Montreal CAN"]
[Date "1992.08.07"]
[Round "7"]
[White "Loadman, Ian"]
[Black "Ross, Dave"]
[Result "1-0"]
[WhiteElo "1992"]
[BlackElo "2330"]
[PlyCount "55"]
[GameId "2160767912325995"]
[EventDate "1992.08.01"]
[EventType "swiss"]
[EventRounds "8"]
[EventCountry "CAN"]
[SourceTitle "EXT 2022"]
[Source "ChessBase"]
[SourceDate "2021.10.06"]
[SourceVersion "1"]
[SourceVersionDate "2021.10.06"]
[SourceQuality "1"]

1. e4 e6 2. Nc3 c5 3. Nf3 Nc6 4. d4 cxd4 5. Nxd4 Nf6 6. Be2 d6 7. O-O Be7 8. f4 Qc7 9. Be3 a6 10. Qe1 O-O 11. Qg3 Nxd4 12. Bxd4 b5 13. a3 Bb7 14. Bd3 e5 15. fxe5 Nh5 16. Qg4 dxe5 17. Qxh5 exd4 18. Nd5 Bxd5 19. exd5 g6 20. Qh6 Qd8 21. Rf5 Bf6 22. Rh5 Re8 23. Qxh7+ Kf8 24. Bxg6 fxg6 25. Qxg6 Ra7 26. Rf1 Rf7 27. Rh8+ Bxh8 28. Qxf7# 1-0

[Event "Quebec-ch"]
[Site "Montreal CAN"]
[Date "1992.06.01"]
[Round "1"]
[White "Ross, Dave"]
[Black "Leveille, Francois"]
[Result "1/2-1/2"]
[WhiteElo "2321"]
[BlackElo "2342"]
[PlyCount "23"]
[GameId "2160767912326309"]
[EventDate "1992.06.01"]
[EventType "tourn"]
[EventRounds "9"]
[EventCountry "CAN"]
[SourceTitle "EXT 97"]
[Source "ChessBase"]
[SourceDate "1997.11.17"]
[SourceVersion "1"]
[SourceVersionDate "1997.11.17"]
[SourceQuality "1"]

1. d4 Nf6 2. Nf3 g6 3. c4 Bg7 4. g3 c5 5. Bg2 Qa5+ 6. Qd2 Qxd2+ 7. Nbxd2 cxd4 8. Nxd4 Nc6 9. N2b3 Ng4 10. Nb5 O-O 11. O-O b6 12. Bg5 1/2-1/2

[Event "Quebec-ch"]
[Site "Montreal CAN"]
[Date "1992.06.02"]
[Round "2"]
[White "Berube, Richard"]
[Black "Ross, Dave"]
[Result "0-1"]
[WhiteElo "2319"]
[BlackElo "2321"]
[PlyCount "86"]
[GameId "2160767912326310"]
[EventDate "1992.06.01"]
[EventType "tourn"]
[EventRounds "9"]
[EventCountry "CAN"]
[SourceTitle "EXT 97"]
[Source "ChessBase"]
[SourceDate "1997.11.17"]
[SourceVersion "1"]
[SourceVersionDate "1997.11.17"]
[SourceQuality "1"]

1. d4 d5 2. Nf3 c6 3. e3 Bg4 4. c4 Bxf3 5. Qxf3 Nf6 6. Nc3 e6 7. Bd3 Be7 8. O-O O-O 9. Rd1 Nbd7 10. Qe2 Re8 11. e4 dxe4 12. Nxe4 Nxe4 13. Bxe4 Nf6 14. Bc2 Qc7 15. Bg5 Rad8 16. Rd2 Rd7 17. b3 g6 18. Bh4 Nh5 19. Bxe7 Rexe7 20. Rad1 Rd8 21. g3 Red7 22. Qe3 Nf6 23. Qf3 Kg7 24. Qc3 h5 25. h3 a5 26. a3 b6 27. b4 axb4 28. axb4 b5 29. d5 cxd5 30. c5 e5 31. Bd3 d4 32. Qa3 Qc6 33. Qa5 Rb8 34. Re1 e4 35. Bf1 h4 36. Qa1 hxg3 37. fxg3 Qd5 38. Bg2 Qe5 39. Qa3 e3 40. Rd3 Qxg3 41. Re2 Nh5 42. Rexe3 dxe3 43. Qb2+ Nf6 0-1

[Event "Quebec-ch"]
[Site "Montreal CAN"]
[Date "1992.06.04"]
[Round "4"]
[White "Ross, Dave"]
[Black "Ghannoum, Marc"]
[Result "1-0"]
[WhiteElo "2321"]
[BlackElo "2061"]
[PlyCount "55"]
[GameId "2160767912326324"]
[EventDate "1992.06.01"]
[EventType "tourn"]
[EventRounds "9"]
[EventCountry "CAN"]
[SourceTitle "EXT 97"]
[Source "ChessBase"]
[SourceDate "1997.11.17"]
[SourceVersion "1"]
[SourceVersionDate "1997.11.17"]
[SourceQuality "1"]

1. d4 Nf6 2. Nf3 g6 3. c4 Bg7 4. g3 O-O 5. Bg2 d6 6. Nc3 c6 7. O-O Qa5 8. h3 Be6 9. Qd3 Qa6 10. b3 d5 11. Ne5 Nfd7 12. cxd5 Qxd3 13. Nxd3 Bxd4 14. dxe6 Bxc3 15. exf7+ Kxf7 16. Rb1 Na6 17. Ba3 Rac8 18. Rbc1 Bg7 19. h4 Rcd8 20. Rc4 Rfe8 21. Rf4+ Kg8 22. Re4 Nf6 23. Rxe7 Rxe7 24. Bxe7 Re8 25. Bxf6 Bxf6 26. Re1 Rd8 27. Rc1 Rd4 28. Bxc6 1-0

[Event "Quebec-ch"]
[Site "Montreal CAN"]
[Date "1992.06.05"]
[Round "5"]
[White "Levtchouk, George"]
[Black "Ross, Dave"]
[Result "1/2-1/2"]
[WhiteElo "2318"]
[BlackElo "2321"]
[PlyCount "30"]
[GameId "2160767912326327"]
[EventDate "1992.06.01"]
[EventType "tourn"]
[EventRounds "9"]
[EventCountry "CAN"]
[SourceTitle "EXT 97"]
[Source "ChessBase"]
[SourceDate "1997.11.17"]
[SourceVersion "1"]
[SourceVersionDate "1997.11.17"]
[SourceQuality "1"]

1. d4 d6 2. e4 Nf6 3. f3 Nbd7 4. Be3 e5 5. d5 Be7 6. c4 O-O 7. Nc3 Ne8 8. Bd3 c5 9. Qd2 a6 10. Nge2 b6 11. O-O g6 12. Bh6 Ng7 13. a3 Kh8 14. b4 Nf6 15. Rab1 Ng8 1/2-1/2

[Event "Quebec-ch"]
[Site "Montreal CAN"]
[Date "1992.06.08"]
[Round "6"]
[White "Ross, Dave"]
[Black "Caceres Cortes, Julio"]
[Result "1-0"]
[WhiteElo "2321"]
[BlackElo "1914"]
[PlyCount "59"]
[GameId "2160767912326334"]
[EventDate "1992.06.01"]
[EventType "tourn"]
[EventRounds "9"]
[EventCountry "CAN"]
[SourceTitle "EXT 97"]
[Source "ChessBase"]
[SourceDate "1997.11.17"]
[SourceVersion "1"]
[SourceVersionDate "1997.11.17"]
[SourceQuality "1"]

1. d4 d5 2. Nf3 Nf6 3. c4 e6 4. g3 c5 5. Bg2 Nc6 6. O-O Be7 7. cxd5 exd5 8. Nc3 O-O 9. dxc5 Bxc5 10. Bg5 d4 11. Bxf6 Qxf6 12. Nd5 Qd8 13. Nd2 Re8 14. Rc1 Bb6 15. Nc4 Bg4 16. Re1 d3 17. Qxd3 Nd4 18. Ncxb6 Nxe2+ 19. Qxe2 Rxe2 20. Nxa8 Rxe1+ 21. Rxe1 h5 22. Nac7 Kh7 23. h4 Qd6 24. Nb5 Qc5 25. Nbc3 Qd4 26. Re7 Qd2 27. Rxf7 Qc1+ 28. Kh2 Qxb2 29. Ne4 Kg8 30. Ng5 1-0

[Event "Quebec-ch"]
[Site "Montreal CAN"]
[Date "1992.06.09"]
[Round "7"]
[White "Poitras, Luc"]
[Black "Ross, Dave"]
[Result "1-0"]
[WhiteElo "2045"]
[BlackElo "2321"]
[PlyCount "104"]
[GameId "2160767912326338"]
[EventDate "1992.06.01"]
[EventType "tourn"]
[EventRounds "9"]
[EventCountry "CAN"]
[SourceTitle "EXT 97"]
[Source "ChessBase"]
[SourceDate "1997.11.17"]
[SourceVersion "1"]
[SourceVersionDate "1997.11.17"]
[SourceQuality "1"]

1. e4 c5 2. Nf3 Nc6 3. d4 cxd4 4. Nxd4 e5 5. Nb5 d6 6. c4 Be7 7. N1c3 a6 8. Na3 Be6 9. Nc2 Rc8 10. b3 Nf6 11. Be2 O-O 12. Qd3 b5 13. cxb5 axb5 14. Nxb5 d5 15. exd5 Nb4 16. Nxb4 Bxb4+ 17. Bd2 Nxd5 18. O-O Bxd2 19. Qxd2 Nf4 20. Rfd1 Qg5 21. Bf1 Bg4 22. h4 Qxh4 23. Rdc1 Qg5 24. Qe3 Rxc1 25. Rxc1 Be2 26. g3 Bxf1 27. Kxf1 Qh5 28. gxf4 exf4 29. Qc5 f5 30. Qd5+ Kh8 31. Nd4 Re8 32. Qf3 Qh6 33. Nxf5 Qa6+ 34. Rc4 Qxa2 35. Kg2 Qd2 36. Rxf4 h6 37. Ng3 Qd6 38. Nh5 Qg6+ 39. Qg4 Qc6+ 40. Kh3 Qc3+ 41. Rf3 Qe5 42. Rg3 Re7 43. Nf4 Qe1 44. Rg1 Qc3+ 45. Qg3 Qc8+ 46. Kh2 Rf7 47. Ng6+ Kg8 48. Re1 Kh7 49. Ne5 Rf6 50. Rg1 g5 51. Rd1 Qf8 52. Kg1 Kh8 1-0

[Event "Quebec-ch"]
[Site "Montreal CAN"]
[Date "1992.06.10"]
[Round "8"]
[White "Ross, Dave"]
[Black "Reeve, Jeff"]
[Result "0-1"]
[WhiteElo "2321"]
[BlackElo "2297"]
[PlyCount "106"]
[GameId "2160767912326344"]
[EventDate "1992.06.01"]
[EventType "tourn"]
[EventRounds "9"]
[EventCountry "CAN"]
[SourceTitle "EXT 97"]
[Source "ChessBase"]
[SourceDate "1997.11.17"]
[SourceVersion "1"]
[SourceVersionDate "1997.11.17"]
[SourceQuality "1"]

1. d4 Nf6 2. Nf3 g6 3. c4 Bg7 4. g3 O-O 5. Bg2 c6 6. Nc3 d5 7. Qb3 Qb6 8. O-O Bf5 9. Bg5 dxc4 10. Qxc4 Nbd7 11. Rfe1 Qxb2 12. e4 Nxe4 13. Nxe4 Bxe4 14. Bxe7 Rfe8 15. Rxe4 Qxa1+ 16. Re1 Nb6 17. Qb3 Qxe1+ 18. Nxe1 Rxe7 19. Nf3 Rd8 20. Qa3 Nc8 21. Bh3 Bf8 22. Qa5 Rde8 23. Bxc8 Rxc8 24. Qxa7 Bg7 25. Qb6 Rd7 26. a4 Rcd8 27. a5 h6 28. h4 Ra8 29. Kg2 Ra6 30. Qc5 Rd5 31. Qe7 Raxa5 32. Qxb7 Bxd4 33. Nxd4 Rxd4 34. Qxc6 Rad5 35. Qe8+ Kg7 36. Qe7 Rd8 37. Qe5+ Kg8 38. Qe3 h5 39. Qe7 R4d5 40. Kf1 Rd2 41. Qe5 Ra2 42. Kg2 Rc8 43. Qe3 Rcc2 44. Kf1 Rxf2+ 45. Qxf2 Rxf2+ 46. Kxf2 Kf8 47. Kf3 Ke7 48. Kf4 Kd6 49. Ke4 Ke6 50. Kf4 Kd5 51. Kf3 Ke5 52. Ke3 Kf5 53. Kf3 f6 0-1

[Event "Quebec-ch"]
[Site "Montreal CAN"]
[Date "1992.06.12"]
[Round "9"]
[White "Desjardins, Andre"]
[Black "Ross, Dave"]
[Result "1-0"]
[WhiteElo "1998"]
[BlackElo "2321"]
[PlyCount "129"]
[GameId "2160767912326346"]
[EventDate "1992.06.01"]
[EventType "tourn"]
[EventRounds "9"]
[EventCountry "CAN"]
[SourceTitle "EXT 97"]
[Source "ChessBase"]
[SourceDate "1997.11.17"]
[SourceVersion "1"]
[SourceVersionDate "1997.11.17"]
[SourceQuality "1"]

1. e4 c5 2. Nf3 Nc6 3. d4 cxd4 4. Nxd4 Nf6 5. Nc3 e5 6. Ndb5 d6 7. Bg5 a6 8. Na3 Be6 9. Nc4 Rc8 10. Bxf6 Qxf6 11. Nb6 Rb8 12. Ncd5 Qd8 13. c3 Be7 14. Bd3 O-O 15. O-O Bg5 16. a4 Kh8 17. a5 Nxa5 18. Qa4 Nc6 19. Bxa6 Ne7 20. Bc4 Ng6 21. Qb3 f5 22. Ne3 f4 23. Bxe6 fxe3 24. Nd7 exf2+ 25. Kh1 Be3 26. Nxf8 Qxf8 27. Qd1 Nf4 28. Bg4 Qd8 29. g3 Ng6 30. Bf5 Ne7 31. Qf3 Qb6 32. Be6 Ng6 33. Bf5 Ne7 34. Be6 Ng6 35. Bh3 Rf8 36. Qe2 Qc5 37. Qd3 Rd8 38. b4 Qb6 39. Ra5 Ne7 40. Bg2 g6 41. Rfa1 Bh6 42. Rb5 Qc7 43. Bh3 Nc6 44. Kg2 Rf8 45. Rf1 Qf7 46. Rd5 Bd2 47. Bg4 Be1 48. Bd1 g5 49. Rxd6 Qg7 50. b5 Ne7 51. Rd8 Ng6 52. Rxf8+ Qxf8 53. c4 b6 54. Bg4 Kg7 55. Qf3 Qd6 56. Qf5 Kh6 57. Qd7 Qc5 58. Be6 Qe3 59. Bd5 Qe2 60. h3 Qe3 61. Qg4 Qd3 62. Qf3 Qd4 63. Rxf2 Bxf2 64. Qxf2 g4 65. hxg4 1-0

[Event "Laval IX"]
[Site "Laval CAN"]
[Date "1992.02.28"]
[Round "1"]
[White "Ross, Dave"]
[Black "St Amand, Paul Jr"]
[Result "0-1"]
[WhiteElo "2296"]
[BlackElo "2143"]
[PlyCount "75"]
[GameId "2160767912375724"]
[EventDate "1992.02.28"]
[EventType "swiss"]
[EventRounds "5"]
[EventCountry "CAN"]
[SourceTitle "EXT 2022"]
[Source "ChessBase"]
[SourceDate "2021.10.06"]
[SourceVersion "1"]
[SourceVersionDate "2021.10.06"]
[SourceQuality "1"]

1. d4 Nf6 2. Nf3 e6 3. c4 c5 4. g3 cxd4 5. Nxd4 Nc6 6. Bg2 Qb6 7. Nb3 Bb4+ 8. Nc3 d5 9. cxd5 Nxd5 10. Bd2 Nxc3 11. bxc3 Be7 12. Rb1 Qc7 13. Nd4 O-O 14. Nxc6 bxc6 15. Qa4 Bd7 16. O-O Rab8 17. c4 c5 18. Bf4 Bxa4 19. Bxc7 Rb4 20. Rfc1 h6 21. Ba5 Rxb1 22. Rxb1 Bd8 23. Rb7 Bxa5 24. Rxa7 Bb3 25. axb3 Bb4 26. Rd7 Ba5 27. Ra7 Bb4 28. Be4 Rd8 29. Kg2 Kf8 30. f4 h5 31. f5 Re8 32. Bc6 Rd8 33. fxe6 fxe6 34. Be4 Rd2 35. Kf2 Rb2 36. Bg6 Rxb3 37. Rf7+ Kg8 38. Re7 0-1

[Event "Labour Day op"]
[Site "Toronto CAN"]
[Date "1991.??.??"]
[Round "?"]
[White "Ross, Dave"]
[Black "Neven, Knut"]
[Result "1/2-1/2"]
[WhiteElo "2322"]
[BlackElo "2190"]
[PlyCount "66"]
[GameId "2160767912413847"]
[EventDate "1991.08.31"]
[EventType "swiss"]
[EventRounds "6"]
[EventCountry "CAN"]
[SourceTitle "CFC 1991.12"]
[SourceDate "2011.01.01"]
[SourceVersion "1"]
[SourceVersionDate "2011.01.01"]
[SourceQuality "1"]

1. d4 Nf6 2. Nf3 g6 3. c4 Bg7 4. g3 d5 5. cxd5 Nxd5 6. Bg2 Nb6 7. O-O Nc6 8. e3 O-O 9. Nc3 e5 10. d5 Ne7 11. e4 Bg4 12. a4 a5 13. Qb3 Nec8 14. Be3 Ra6 15. h3 Bxf3 16. Bxf3 Nd6 17. Be2 Ra8 18. Rac1 Nbc8 19. Nb5 Nxb5 20. axb5 b6 21. Rc6 Nd6 22. Qc2 Ra7 23. Rc1 Ne8 24. h4 f5 25. exf5 gxf5 26. Bg5 Qd7 27. Re6 f4 28. Bd3 fxg3 29. Bxh7+ Kh8 30. fxg3 Qxd5 31. Qg6 Qf3 32. Kh2 Ra8 33. Qc2 Nd6 1/2-1/2

[Event "Labour Day op"]
[Site "Toronto CAN"]
[Date "1991.08.31"]
[Round "?"]
[White "Fiedler, Brian"]
[Black "Ross, Dave"]
[Result "1-0"]
[WhiteElo "2201"]
[BlackElo "2322"]
[PlyCount "69"]
[GameId "2160767912413848"]
[EventDate "1991.08.31"]
[EventType "swiss"]
[EventRounds "6"]
[EventCountry "CAN"]
[SourceTitle "CFC 1991.12"]
[SourceDate "2011.01.01"]
[SourceVersion "1"]
[SourceVersionDate "2011.01.01"]
[SourceQuality "1"]

1. e4 e6 2. d4 d5 3. Nc3 Bb4 4. e5 c5 5. a3 Bxc3+ 6. bxc3 Ne7 7. a4 Nbc6 8. Nf3 Qa5 9. Qd2 Bd7 10. Bd3 f6 11. O-O c4 12. Be2 O-O-O 13. Re1 Ng6 14. Bf1 fxe5 15. dxe5 Rhf8 16. Ba3 Rxf3 17. gxf3 Ngxe5 18. Bg2 Ng6 19. Reb1 Qc7 20. a5 Nf4 21. Bc5 Qe5 22. Bf1 Qg5+ 23. Kh1 Be8 24. Qe3 Bh5 25. a6 b5 26. Rxb5 Ne5 27. Be7 Bxf3+ 28. Qxf3 Nxf3 29. Bxg5 Nxg5 30. Rab1 Kc7 31. Rb7+ Kc6 32. Rxa7 Ne4 33. Rxg7 Nxf2+ 34. Kg1 Ne4 35. a7 1-0

[Event "CAN-op"]
[Site "Windsor CAN"]
[Date "1991.07.18"]
[Round "7"]
[White "Andrews, Steven"]
[Black "Ross, Dave"]
[Result "0-1"]
[WhiteElo "2213"]
[BlackElo "2326"]
[PlyCount "66"]
[GameId "2160767912430572"]
[EventDate "1991.07.13"]
[EventType "swiss"]
[EventRounds "10"]
[EventCountry "CAN"]
[SourceTitle "EXT 2022"]
[Source "ChessBase"]
[SourceDate "2021.10.06"]
[SourceVersion "1"]
[SourceVersionDate "2021.10.06"]
[SourceQuality "1"]

1. d4 f5 2. Bg5 h6 3. Bf4 Nf6 4. e3 g5 5. Be5 Bg7 6. Bxf6 Bxf6 7. Qh5+ Kf8 8. Bd3 e6 9. g4 c5 10. c3 cxd4 11. exd4 d6 12. gxf5 exf5 13. Na3 a6 14. O-O-O Ra7 15. Re1 b5 16. Nf3 Nc6 17. Re2 Re7 18. Rhe1 Rxe2 19. Rxe2 Ne7 20. c4 Kg7 21. Ne1 Ng6 22. Ng2 Bxd4 23. cxb5 Ne5 24. Bc2 Qf6 25. Bb3 Bb7 26. f4 Rc8+ 27. Kb1 Ng6 28. Qh3 gxf4 29. Re6 Qxe6 30. Bxe6 Be4+ 31. Nc2 Rxc2 32. Bxf5 Rc3+ 33. Bxe4 Rxh3 0-1

[Event "CAN-op"]
[Site "Windsor CAN"]
[Date "1991.07.19"]
[Round "8"]
[White "Ross, Dave"]
[Black "Basin, Leonid"]
[Result "1-0"]
[WhiteElo "2304"]
[BlackElo "2110"]
[PlyCount "71"]
[GameId "2160767912430579"]
[EventDate "1991.07.13"]
[EventType "swiss"]
[EventRounds "10"]
[EventCountry "CAN"]
[SourceTitle "EXT 2022"]
[Source "ChessBase"]
[SourceDate "2021.10.06"]
[SourceVersion "1"]
[SourceVersionDate "2021.10.06"]
[SourceQuality "1"]

1. d4 f5 2. g3 Nf6 3. Bg2 g6 4. c4 Bg7 5. Nc3 O-O 6. e3 d6 7. Nge2 c6 8. O-O Na6 9. b3 Qe8 10. Bb2 Bd7 11. Qd2 Rb8 12. a4 Rd8 13. Rae1 Qf7 14. Nc1 e5 15. Rd1 Bc8 16. dxe5 Ne8 17. exd6 Nxd6 18. Ba3 Rfe8 19. Bxd6 Bf8 20. Bd5 cxd5 21. Bxf8 Rxf8 22. Nxd5 Nc5 23. Qd4 b6 24. Nf6+ Kg7 25. Ne8+ Kg8 26. Qxd8 Rxe8 27. Qh4 Bb7 28. Rd8 Bf3 29. Nd3 Nd7 30. Rxe8+ Qxe8 31. Qd4 g5 32. h4 h6 33. c5 bxc5 34. Nxc5 Nf8 35. Rc1 Qe7 36. Nd3 1-0

[Event "Groupe Commerce"]
[Site "Thetford Mines CAN"]
[Date "1992.06.29"]
[Round "2"]
[White "Ross, Dave"]
[Black "Morin, Louis"]
[Result "1-0"]
[WhiteElo "2239"]
[BlackElo "1921"]
[PlyCount "117"]
[GameId "2160767912430598"]
[EventDate "1991.06.28"]
[EventType "swiss"]
[EventRounds "5"]
[EventCountry "CAN"]
[SourceTitle "hb 2013"]

1. d4 d5 2. Nf3 c5 3. c4 e6 4. cxd5 exd5 5. g3 Nc6 6. Bg2 Nf6 7. O-O Be7 8. Nc3 O-O 9. dxc5 Bxc5 10. Bg5 Be6 11. Bxf6 Qxf6 12. Nxd5 Qxb2 13. Nc7 Rad8 14. Qc1 Qxc1 15. Raxc1 b6 16. Nxe6 fxe6 17. e3 h6 18. h4 Rd6 19. Rfd1 Rxd1+ 20. Rxd1 Rd8 21. Rc1 Kf7 22. Bh3 Kf6 23. Rc4 g5 24. Re4 e5 25. hxg5+ hxg5 26. Rg4 Rg8 27. Nd2 Be7 28. Rc4 Na5 29. Ne4+ Kf7 30. Rc7 g4 31. Bf1 Rg6 32. Rxa7 Rc6 33. Kg2 Rc2 34. Bd3 Rb2 35. a4 Rb4 36. Nc3 Rb3 37. Rc7 Ke6 38. Be2 Kd6 39. Rc8 Rb4 40. Rg8 Nb3 41. Rxg4 Rxg4 42. Bxg4 Kc5 43. Be6 Nd2 44. f4 exf4 45. exf4 Bd8 46. Bd7 Bf6 47. Ne2 Kb4 48. g4 Ne4 49. Bc6 Nc5 50. g5 Bh8 51. f5 Nxa4 52. Bxa4 Kxa4 53. f6 b5 54. Nd4 b4 55. Kf3 b3 56. Nxb3 Kxb3 57. Ke4 Kc4 58. Ke5 Kc5 59. g6 1-0

[Event "Quebec-ch"]
[Site "Montreal CAN"]
[Date "1991.??.??"]
[Round "1"]
[White "Ross, Dave"]
[Black "Prahov, Valentin"]
[Result "1-0"]
[WhiteElo "2330"]
[BlackElo "2320"]
[PlyCount "121"]
[GameId "2160767912430679"]
[EventDate "1991.06.03"]
[EventType "tourn"]
[EventRounds "9"]
[EventCountry "CAN"]
[SourceTitle "EXT 1997"]
[Source "ChessBase"]
[SourceDate "1996.11.15"]
[SourceVersion "1"]
[SourceVersionDate "1996.11.15"]
[SourceQuality "1"]

1. d4 Nf6 2. Nf3 g6 3. c4 Bg7 4. g3 O-O 5. Bg2 c6 6. Nc3 d5 7. Qb3 Ne4 8. cxd5 Nxc3 9. dxc6 Nxa2 10. cxb7 Nxc1 11. Rxc1 Bxb7 12. Qxb7 Nd7 13. O-O Rb8 14. Qxa7 Rxb2 15. e3 Rb8 16. Rc7 Ra8 17. Qb7 Rb8 18. Qc6 Rc8 19. Rxc8 Qxc8 20. Qe4 e6 21. h4 Nf6 22. Qd3 Qc7 23. Rb1 Rb8 24. Ra1 h6 25. Ne5 Nh5 26. Nc6 Rb7 27. Qe4 Kh7 28. Bf3 Nf6 29. Qd3 h5 30. Kg2 Kh6 31. Ra2 Kh7 32. Ra8 Kh6 33. Qa3 Ng4 34. Ra6 Qc8 35. Bxg4 hxg4 36. e4 Rd7 37. Ne5 Bxe5 38. dxe5 Rd8 39. Ra7 Qc6 40. Qe3+ Kg7 41. Qf4 Rd7 42. Rxd7 Qxd7 43. Qxg4 Qd4 44. Qf4 Qd1 45. g4 Qe2 46. Qf3 Qd2 47. Qf6+ Kg8 48. h5 gxh5 49. gxh5 Qe2 50. Qf3 Qd2 51. Qe3 Qd8 52. Qf4 Qe7 53. Kh3 Kh7 54. Qf6 Qa3+ 55. Kg4 Qf8 56. Kh4 Qg8 57. Qg5 Qa8 58. Qf4 Qd8+ 59. Qf6 Qf8 60. f3 Qg8 61. Qg5 1-0

[Event "Quebec-ch"]
[Site "Montreal CAN"]
[Date "1991.??.??"]
[Round "8"]
[White "Ross, Dave"]
[Black "Leveille, Francois"]
[Result "1-0"]
[WhiteElo "2330"]
[BlackElo "2325"]
[PlyCount "139"]
[GameId "2160767912430714"]
[EventDate "1991.06.03"]
[EventType "tourn"]
[EventRounds "9"]
[EventCountry "CAN"]
[SourceTitle "EXT 1997"]
[Source "ChessBase"]
[SourceDate "1996.11.15"]
[SourceVersion "1"]
[SourceVersionDate "1996.11.15"]
[SourceQuality "1"]

1. d4 Nf6 2. Nf3 e6 3. c4 c5 4. Nc3 cxd4 5. Nxd4 Nc6 6. Ndb5 d6 7. Bf4 e5 8. Bg5 a6 9. Bxf6 gxf6 10. Na3 Be6 11. e3 f5 12. Be2 Bg7 13. Qd2 O-O 14. O-O Qh4 15. g3 Qh6 16. f4 Rfd8 17. Nc2 Rac8 18. Nd5 Kh8 19. Kh1 b5 20. cxb5 Nd4 21. exd4 Bxd5+ 22. Bf3 e4 23. Bg2 axb5 24. Ne3 Be6 25. Rfd1 Qh5 26. Bf1 Bc4 27. Bxc4 bxc4 28. a4 Rb8 29. Nxc4 Qf3+ 30. Kg1 d5 31. Ra3 Qh5 32. Ne3 Bf8 33. Ra2 Rb3 34. Re1 Qf3 35. Nc2 Rdb8 36. Re3 Rxe3 37. Nxe3 Bb4 38. Qf2 Qh5 39. a5 Rc8 40. Ra1 Qg6 41. a6 Bf8 42. Nxd5 Qd6 43. Ne3 Qxd4 44. Nxf5 Qd5 45. Ne3 Qb3 46. a7 Ra8 47. Nf1 Bg7 48. Kg2 Qb4 49. Ne3 Qb5 50. Qd2 Kg8 51. Ra2 Qb6 52. b4 Rxa7 53. Rxa7 Qxa7 54. Qd8+ Bf8 55. Qg5+ Kh8 56. Qe5+ Kg8 57. Qg5+ Kh8 58. Qe5+ Kg8 59. Nd5 e3 60. Nf6+ Kg7 61. Nd5+ Kg8 62. Nf6+ Kh8 63. Kf3 h6 64. Nd5+ Kg8 65. b5 Qa3 66. Nf6+ Kg7 67. Nd7+ Kg8 68. Qe8 e2+ 69. Kxe2 Qa2+ 70. Kf3 1-0

[Event "Laval VIII"]
[Site "Laval CAN"]
[Date "1991.03.23"]
[Round "3"]
[White "Teuton, Frank"]
[Black "Ross, Dave"]
[Result "0-1"]
[WhiteElo "2127"]
[BlackElo "2229"]
[PlyCount "99"]
[GameId "2160767912439134"]
[EventDate "1991.03.22"]
[EventType "swiss"]
[EventRounds "5"]
[EventCountry "CAN"]

1. e4 c5 2. Nf3 d6 3. Bb5+ Bd7 4. Bxd7+ Qxd7 5. O-O Nc6 6. c4 Nf6 7. Nc3 Ne5 8. d3 g6 9. Bf4 Nxf3+ 10. Qxf3 Bg7 11. e5 dxe5 12. Bxe5 O-O 13. Rad1 Rac8 14. d4 cxd4 15. Bxd4 Qc6 16. Qxc6 Rxc6 17. b3 a6 18. Rfe1 e6 19. f3 h5 20. Be5 Rfc8 21. Rd3 Ne8 22. Bxg7 Kxg7 23. Ne4 Nf6 24. Ng5 b5 25. cxb5 axb5 26. a4 Rc2 27. Red1 bxa4 28. bxa4 Ra2 29. R3d2 Rxa4 30. Rb2 Rc5 31. Nh3 Nd5 32. Nf2 f5 33. Nd3 Rc7 34. Kf2 g5 35. Re1 Ra3 36. Rd2 Kf6 37. Ne5 Rac3 38. g3 Rc2 39. Rxc2 Rxc2+ 40. Kg1 h4 41. Nd7+ Ke7 42. Ne5 h3 43. Nd3 Rg2+ 44. Kh1 Rd2 45. Ne5 Nc3 46. Kg1 Ne2+ 47. Kh1 Kf6 48. Nc4 Ra2 49. Rf1 Nd4 50. Kg1 0-1

[Event "Quebec op"]
[Site "Montreal CAN"]
[Date "1990.08.05"]
[Round "2"]
[White "Gravel, Simon M"]
[Black "Ross, Dave"]
[Result "1/2-1/2"]
[WhiteElo "2012"]
[BlackElo "2309"]
[PlyCount "82"]
[GameId "2160767912464549"]
[EventDate "1990.08.04"]
[EventType "swiss"]
[EventRounds "8"]
[EventCountry "CAN"]
[SourceTitle "EXT 2022"]
[Source "ChessBase"]
[SourceDate "2021.10.06"]
[SourceVersion "1"]
[SourceVersionDate "2021.10.06"]
[SourceQuality "1"]

1. e4 e6 2. d4 d5 3. Nc3 Bb4 4. e5 c5 5. Bd2 Ne7 6. Nb5 Bxd2+ 7. Qxd2 O-O 8. f4 cxd4 9. Nf3 Nbc6 10. Nbxd4 Nxd4 11. Nxd4 Nc6 12. O-O-O Nxd4 13. Qxd4 Qa5 14. Kb1 Bd7 15. g3 Rfc8 16. Bd3 Qc5 17. c3 Bb5 18. Qxc5 Bxd3+ 19. Rxd3 Rxc5 20. Rd4 h5 21. Rhd1 Kh7 22. c4 dxc4 23. Rd7 c3 24. bxc3 Rxc3 25. Rxf7 Rac8 26. Rxb7 Kg6 27. Re7 R8c6 28. Rxa7 Rb6+ 29. Ka1 Rc2 30. Rb1 Rbc6 31. Rbb7 Rxh2 32. Rxg7+ Kf5 33. Rgb7 Rc1+ 34. Rb1 Rcc2 35. Re1 Kg4 36. Rg7+ Kh3 37. Rg6 Rxa2+ 38. Kb1 Rhb2+ 39. Kc1 Rh2 40. Kb1 Rab2+ 41. Kc1 Rhc2+ 1/2-1/2

[Event "Quebec op"]
[Site "Montreal CAN"]
[Date "1990.08.06"]
[Round "3"]
[White "Ross, Dave"]
[Black "Picard, Claude"]
[Result "1-0"]
[WhiteElo "2309"]
[BlackElo "2010"]
[PlyCount "119"]
[GameId "2160767912464563"]
[EventDate "1990.08.04"]
[EventType "swiss"]
[EventRounds "8"]
[EventCountry "CAN"]
[SourceTitle "EXT 2022"]
[Source "ChessBase"]
[SourceDate "2021.10.06"]
[SourceVersion "1"]
[SourceVersionDate "2021.10.06"]
[SourceQuality "1"]

1. d4 d5 2. Nf3 Nf6 3. c4 c6 4. Nc3 e6 5. e3 Nbd7 6. Qc2 Be7 7. b3 O-O 8. Bd3 Bd6 9. Bb2 Re8 10. Rd1 e5 11. cxd5 cxd5 12. dxe5 Nxe5 13. Be2 Bg4 14. Nxe5 Rxe5 15. h3 Bf5 16. Bd3 Bd7 17. Ne2 Rc8 18. Qd2 Rg5 19. Kf1 Rh5 20. Nf4 Re5 21. Bxe5 Bxe5 22. Ne2 b5 23. f3 Qb6 24. Nd4 g6 25. Bb1 Nh5 26. Ne2 Be6 27. g4 Ng3+ 28. Nxg3 Bxg3 29. Kg2 Bb8 30. Rc1 Rd8 31. Qd4 Qd6 32. f4 Bc7 33. Qc5 Bb6 34. Qxd6 Rxd6 35. f5 Bd7 36. Kf3 Bc6 37. Rhd1 g5 38. h4 h6 39. h5 Bb7 40. b4 f6 41. a3 Rd7 42. e4 d4 43. Ba2+ Kf8 44. Be6 Rd8 45. Rd3 Ke7 46. Re1 Kd6 47. Bd5 Bxd5 48. exd5 Kxd5 49. Re6 Rf8 50. Rd1 Kc4 51. Ke4 Kb3 52. Rd3+ Kb2 53. Kd5 Rd8+ 54. Ke4 Rf8 55. Kf3 Kc2 56. Ke2 Kb2 57. Rc6 Re8+ 58. Kd2 Re4 59. Rc2+ Ka1 60. Rg3 1-0